11 Ways Not To Scare A 'Crow' Quiz Stats

 Plays Quiz Updated Jan 11, 2018

Score 0/11 Timer 01:00
5 Plays Today
% Correct
Brow
94%
Grow
88%
Craw
86.5%
Crew
84.8%
Trow
84.1%
Frow
82.4%
Prow
78.7%
Crop
74.3%
Chow
69.3%
Croc
54.8%
Vrow
46.4%

You're not logged in!

Compare scores with friends on all Sporcle quizzes.
OR
Log In

Show Comments

Extras

Top Quizzes Today


Score Distribution

Your Account Isn't Verified!

In order to create a playlist on Sporcle, you need to verify the email address you used during registration. Go to your Sporcle Settings to finish the process.

Report this User

Report this user for behavior that violates our Community Guidelines.

Details: